Odpowiedź zaczyna się na C - Statystyki

Ogólne statystyki
  • Ten quiz został rozwiązany 90 razy
  • Średni wynik to 9 z 15
Statystyki odpowiedzi
Opis Odpowiedź % Poprawnych
Jedno z największych państw na świecie, słynące z bogatej historii, kultury i nowoczesnego rozwoju. Chiny
88%
Mały gryzoń, często hodowany jako zwierzę domowe. Chomik
85%
Ikona mody, założycielka słynnego domu mody Chanel. Coco
79%
Dokument zawierający podsumowanie kwalifikacji, edukacji i doświadczenia zawodowego osoby, używany przy poszukiwaniu pracy - pełna nazwa Curriculum Vitae
70%
Potężna burza tropikalna, która skupia się wokół okresowo występującego centrum niskiego ciśnienia. Cyklon
67%
Kontrola i ograniczanie treści, zwłaszcza medialnych lub artystycznych, przez władze lub instytucje. Cenzura
66%
Nielegalne lub nieoficjalne rynki handlowe, na których dokonuje się transakcji niezgodnych z prawem. Czarny rynek
66%
Kraj nad Morzem Adriatyckim, znanym ze swoich pięknych wybrzeży, miast i zabytków. Chorwacja
64%
Jadowity pająk, znany ze swojego charakterystycznego wyglądu i groźnego ukąszenia. Czarna wdowa
63%
Wielkie amerykańskie miasto nad jeziorem Michigan, słynące z architektury, muzyki jazzowej i kultury. Chicago
55%
Roślina zielna, znana z silnego zapachu i wykorzystywana zarówno jako przyprawa, jak i zioło lecznicze. Czosnek
48%
Brytyjski przyrodnik i biolog, twórca teorii ewolucji przez dobór naturalny - imię Charles
43%
Legendarny aktor i reżyser, znany z postaci komicznego bohatera "Tramp". Charlie Chaplin
34%
Francuski malarz impresjonista, znany ze swoich prac przedstawiających efekty światła i kolorów - imię Claude
21%
Nauka badająca regulacje i kontrolę w systemach, w tym w kontekście komunikacji, sterowania i adaptacji. Cybernetyka
4%
Nie znaleziono quizów pasujących do podanych kryteriów
Rozkład punktacji
Procent ludzi z każdym wynikiem
Percentyl według liczby udzielonych odpowiedzi
Twoja historia wyników
Nie rozwiązałeś tego quizu